Data book on hydrocarbons : application to process engineering /
Guardado en:
| Autor Principal: | |
|---|---|
| Formato: | Libro |
| Idioma: | English |
| Publicado: |
New York :
Van Nostrand,
c1950.
|
| Series: | The Esso series
|
| Materias: | |
| Etiquetas: |
Agregar Etiqueta
Sin Etiquetas, Sea el primero en etiquetar este registro!
|
| LEADER | 00712cam a22002055a 4500 | ||
|---|---|---|---|
| 001 | EIQ.libpla001864 | ||
| 008 | 760422s1950####nyud#####b####001#0#eng## | ||
| 005 | 20070221190505.0 | ||
| 245 | 1 | 0 | |a Data book on hydrocarbons : |b application to process engineering / |c by J. B. Maxwell. |
| 260 | |a New York : |b Van Nostrand, |c c1950. | ||
| 300 | |a viii, 259 p. : |b diagrs. ; |c 26 cm. | ||
| 490 | 0 | |a The Esso series | |
| 504 | |a Incluye referencias bibliográficas e índice. | ||
| 100 | 1 | |a Maxwell, J. B., |d 1902- | |
| 082 | |a 661 | ||
| 650 | 4 | |a Procesos |x Hidrocarburos. | |
| 650 | 4 | |a Processes |x Hydrocarbons. | |
| 010 | |a 50006249 | ||
| 040 | |a DLC |c OClU |d Uk |d DLC |d AR-BbSID | ||
| 859 | |a AR-BbSID |b BIB. PLAPIQUI |h 661.81 |i M 456 |k R |p 1108 | ||
